It looks like you're offline.
Open Library logo
additional options menu

MARC Record from Talis

Record ID talis_openlibrary_contribution/talis-openlibrary-contribution.mrc:1657103369:802
Source Talis
Download Link /show-records/talis_openlibrary_contribution/talis-openlibrary-contribution.mrc:1657103369:802?format=raw

LEADER: 00802cam a2200241 a 4500
001 c9f8ac544f734538af4386deaf3653e1
003 UK-BiTAL
005 20050705153402.0
008 970409s1997 enka 000 ||eng|d
015 $aGB9704291$2bnb
020 $a0135711916
035 $a()0135711916
040 $dUK-BiTAL
082 04 $a511$221
100 1 $aJohnsonbaugh, Richard,$d1941-
245 10 $aDiscrete mathematics /$cRichard Johnsonbaugh.
250 $a4th ed., International ed.
260 $aUpper Saddle River ;$aLondon :$bPrentice Hall International,$cc1997.
300 $axiv,701p. :$bill. ;$c26 cm.
500 $aPrevious ed.: Oxford : Maxwell Macmillan International, 1993.
504 $aBibliography: p615-620. - Includes index.
650 0 $aMathematics.
650 0 $aComputer science$xMathematics.